Loading...
| Philosophy | 0 | 7 | 2 | 1 | 60 | 77 | 107.71 | 0 | 2 | 0.00 | 0.00 |
| Literature - British | 0 | 3 | 0 | 1 | 30 | 128 | 138.33 | 0 | 0 | 0.00 | 0.00 |
| History - European | 0 | 3 | 1 | 1 | 25 | 91 | 114.67 | 0 | 2 | 0.00 | 0.00 |
| Current Events | 0 | 2 | 0 | 0 | 20 | 74 | 76.00 | 1 | 1 | 0.00 | 0.00 |
| History - Other | 0 | 2 | 0 | 1 | 20 | 101 | 124.00 | 0 | 0 | 0.00 | 0.00 |
| Religion | 0 | 3 | 2 | 2 | 20 | 71 | 111.67 | 0 | 1 | 0.00 | 0.00 |
| Fine Arts - Other | 0 | 2 | 0 | 0 | 20 | 49 | 86.50 | 0 | 1 | 0.00 | 0.00 |
| Social Science | 0 | 1 | 0 | 0 | 10 | 94 | 94.00 | 0 | 0 | 0.00 | 0.00 |
| Geography | 0 | 1 | 0 | 0 | 10 | 99 | 99.00 | 0 | 0 | 0.00 | 0.00 |
| History - World | 0 | 1 | 0 | 0 | 10 | 77 | 77.00 | 0 | 1 | 0.00 | 0.00 |
| Literature - European | 0 | 1 | 0 | 1 | 10 | 168 | 168.00 | 0 | 0 | 0.00 | 0.00 |
| Other Academic | 0 | 1 | 0 | 0 | 10 | 103 | 103.00 | 0 | 1 | 0.00 | 0.00 |
| Science - Biology | 0 | 1 | 0 | 0 | 10 | 123 | 123.00 | 0 | 0 | 0.00 | 0.00 |
| Science - Chemistry | 0 | 1 | 0 | 0 | 10 | 146 | 146.00 | 0 | 0 | 0.00 | 0.00 |
| Science - Other | 0 | 1 | 1 | 0 | 5 | 133 | 133.00 | 0 | 0 | 0.00 | 0.00 |
| Mythology | 0 | 1 | 1 | 0 | 5 | 107 | 107.00 | 0 | 0 | 0.00 | 0.00 |
| Science - Physics | 0 | 0 | 1 | 0 | -5 | 0.00 | 0 | 0 | 0.00 | 0.00 |